000 00369 a2200157 4500
001 76014
020 _a9788532293008
040 _cAnchieta - Colégio São Paulo
100 _aMirim, Tupã
240 1 0 _aContos dos curumins guaranis
_lpor
245 1 0 _aContos dos curumins guaranis
300 _a45
362 0 _a2014
650 4 _aLiteratura infantil
942 _cBK
999 _c76014
_d76014